00740nam a22002177a 450000500170000001000350001702000260005203500140007803500140009203700090010608200110011510000160012624501140014225000060025626000490026227001190031130000200043050000220045070000250047270000250049720250805123235.0 aDEC24SC ENG-142967 ENG-1463337 a9789355019554c549.00 aEN-126499 aEN-129869 bDBAD a51021 aAnand Kumar a NTA CSIR - NET/JRF Mathematical Sciences LINEAR ALGEBRA 2024/cBy Anand Kumar; D.C.Mishra [and] Yogesh Kumar a1 aNew DelhibS Chand and Company Limitedc2023 a A-27, 2nd Floor, Mohan Co-operative Industrial EstatebNew Delhie110044minfo@schandpublishing.comk011-49731800 a308p.c26cm(pb) aFor IIT-JAM, GATE aYogesh KumareAuthor aMishra, D.C.eAuthor